000 00442nam a2200181Ia 4500
005 20250423094338.0
008 250422s9999 xx 000 0 und d
020 _a0-13-089560-1
050 _aQA 76.73.J38 .D445/
100 _aH. M. Deitel
245 0 _aAdvanced Java 2 Platform: How to Program
260 _aNew Jersey
260 _bPrentice Hall
260 _c2002
300 _a1811 p
650 _aComputer Science
942 _cBK
999 _c26968
_d26968